000 00890nam a22003017a 4500
003 CHAP
005 20220329140522.0
008 971013s1954 r 00010 d
010 _a53230
011 _a54202
035 _a58353
040 _cCHAP
082 _a633.15
_bW43
100 0 0 _aWeatherwax, Paul.
_9121250
245 _aIndian corn in old America
260 _aNew York :
_bMacMillan,
_c1954
300 _a253 p.
_b: ilus.
590 _aBATCH-UPD
_b10
_c20130110
_lUCH01
_h1721
590 _aBATCH-UPD
_b10
_c20130410
_lUCH01
_h1105
590 _aBATCH-UPD
_b10
_c20130914
_lUCH01
_h1753
590 _aCONVERSION
_b10
_c20130109
_lUCH01
_h1329
650 1 4 _aMaíz
_xAmérica Latina.
_970859
650 1 4 _aMaíz
_xE.U.A.
_970929
650 1 4 _aMaíz
_xHistoria.
_970972
901 _aBK
942 _cLIBRO
949 _a633.15 W43
_bBC
_cLIBRO
_d33724000208476
_eLIBRO
_h73343
_i58353
_mD
_si
999 _c53230
_d53230